[Event "European Rapid 2015"]
[Site "Minsk BLR"]
[Date "2015.12.20"]
[Round "8.17"]
[White "Sivuk, Vitaly"]
[Black "Savchenko, Boris"]
[Result "0-1"]
[WhiteTitle "GM"]
[BlackTitle "GM"]
[WhiteElo "2552"]
[BlackElo "2612"]
[WhiteFideId "14116502"]
[BlackFideId "4147332"]
[EventDate "2015.12.19"]

1. e4 c5 2. Nf3 Nc6 3. Bb5 g6 4. Bxc6 dxc6 5. d3 Bg7 6. h3 Nf6 7. Nc3 b6 8. Bf4
Nd7 9. Qd2 h5 10. e5 Nf8 11. Ne4 Ne6 12. Bg3 Bh6 13. Qc3 Nd4 14. Nxd4 Qxd4 15.
Qxd4 cxd4 16. h4 Be6 17. Ke2 a5 18. f3 O-O-O 19. Ng5 Kd7 20. Bf2 c5 21. c3 Bxg5
22. hxg5 dxc3 23. bxc3 a4 24. c4 Bf5 25. Rhd1 Ke6 26. Rab1 Rb8 27. Rb5 Rhd8 28.
a3 Kxe5 29. Bg3+ Kd4 30. Bxb8 Rxb8 31. Rd2 h4 32. Rb1 f6 33. gxf6 exf6 34. Kf2
g5 35. Rdb2 Bxd3 36. Rxb6 Rd8 37. Rc1 Bxc4 38. Rxf6 Bd3 39. g3 hxg3+ 40. Kxg3 c4
41. Ra6 Ke3 42. Rxa4 Rc8 43. Ra5 c3 44. Rxg5 Kd2 45. Rh1 c2 46. Rd5 c1=R 47.
Rxc1 Rxc1 48. a4 Ke3 49. Re5+ Kd4 50. Re8 Bc4 51. Re4+ Kc5 52. a5 Ra1 53. Re5+
Bd5 54. f4 Kd4 55. Kg4 Rxa5 56. Kg5 Ra8 57. Re1 Rg8+ 58. Kf6 Rf8+ 59. Kg5 Be4
60. Rd1+ Bd3 61. Re1 Rf5+ 62. Kg4 Be4 63. Rd1+ Ke3 64. Re1+ Kd3 65. Ra1 Rb5 66.
Ra3+ Kd4 67. Ra4+ Kd5 68. Ra8 Kd6 69. Ra6+ Ke7 70. Ra7+ Bb7 71. Ra3 Kf6 72. Rc3
Rb1 73. Kg3 Bd5 74. Re3 Rg1+ 75. Kf2 Rg2+ 76. Ke1 Be6 77. Re2 Rg4 78. Kd2 Rxf4
79. Ke3 Ra4 80. Rb2 Bd5 81. Rh2 Be4 82. Rh8 Bg6 83. Rb8 Re4+ 84. Kf3 Kg5 85.
Rb5+ Bf5 86. Ra5 Rd4 87. Ra3 Rh4 88. Ra5 Rh3+ 89. Ke2 Kf4 90. Kd2 Be4 91. Ra7
Rd3+ 92. Ke2 Rc3 93. Rd7 Rh3 94. Rd2 Re3+ 95. Kf2 Rf3+ 96. Ke2 Rh3 97. Kf2 Bd3
98. Ke1 Ke4 99. Kf2 Rh1 100. Kg2 Rh8 101. Kg3 Ke3 102. Rh2 Rg8+ 103. Kh4 Be2
104. Rh3+ Kf4 0-1

[Event "European Rapid 2015"]
[Site "Minsk BLR"]
[Date "2015.12.20"]
[Round "8.18"]
[White "Mamedov, Rauf"]
[Black "Sharafiev, Azat"]
[Result "1-0"]
[WhiteTitle "GM"]
[BlackTitle "IM"]
[WhiteElo "2650"]
[BlackElo "2420"]
[WhiteFideId "13401653"]
[BlackFideId "4186214"]
[EventDate "2015.12.19"]

1. c4 e5 2. Nc3 Nf6 3. g3 d5 4. cxd5 Nxd5 5. Bg2 Nb6 6. e3 Be7 7. Nge2 O-O 8.
O-O c6 9. d4 N8d7 10. b3 exd4 11. Nxd4 Nc5 12. Bb2 Bf6 13. Qc2 Bxd4 14. exd4 Ne6
15. Rad1 Nc7 16. Rfe1 Nbd5 17. Na4 Bg4 18. Rc1 Qf6 19. Nc5 Rab8 20. Re5 Rfd8 21.
h3 Be6 22. Rce1 h6 23. h4 Re8 24. f4 Qd8 25. f5 Bd7 26. Qf2 b6 27. Nd3 f6 28.
Rxe8+ Bxe8 29. g4 Qd6 30. Bc1 Bd7 31. g5 hxg5 32. hxg5 fxg5 33. Bxg5 Rf8 34. Re5
g6 35. Qg3 Bxf5 36. Bh6 Rf7 37. Bxd5 cxd5 38. Nf4 Be4 39. b4 Qxb4 40. Rxe4 Rf6
41. Re2 Qxd4+ 42. Kg2 Qc4 43. Re7 Qc2+ 44. Kh3 Qf5+ 45. Qg4 Qxg4+ 46. Kxg4 Rf7
47. Re1 Rf6 48. Bg5 Rc6 49. Re7 d4 50. Bh6 Nb5 51. Rg7+ 1-0

[Event "European Rapid 2015"]
[Site "Minsk BLR"]
[Date "2015.12.20"]
[Round "8.19"]
[White "Matinian, Nikita"]
[Black "Roiz, Michael"]
[Result "1/2-1/2"]
[WhiteTitle "IM"]
[BlackTitle "GM"]
[WhiteElo "2470"]
[BlackElo "2594"]
[WhiteFideId "24129100"]
[BlackFideId "2804158"]
[EventDate "2015.12.19"]

1. e4 c6 2. d4 d5 3. e5 Bf5 4. Nf3 e6 5. Be2 Bg6 6. O-O Ne7 7. Nbd2 c5 8. c4
Nec6 9. cxd5 Qxd5 10. Bc4 Qd7 11. Nb3 cxd4 12. Nbxd4 Be7 13. Bf4 O-O 14. Nxc6
Qxc6 15. Rc1 Qb6 16. Qe2 Nc6 17. Be3 Qa5 18. Bd2 Qb6 19. Be3 Qa5 20. Bd2 Bb4 21.
Bxb4 Qxb4 22. a3 Qb6 23. Bb5 Rfd8 24. Rfd1 Ne7 25. Nh4 a6 26. Bc4 Rac8 27. Nxg6
Nxg6 28. g3 Rxd1+ 29. Rxd1 Qc5 30. Bd3 Nxe5 31. b4 Qc7 32. Be4 Nc6 33. b5 axb5
34. Qxb5 g6 35. h4 h5 36. a4 Rd8 37. Rc1 Rd6 38. a5 Qd8 39. Bxc6 bxc6 40. Qa4
Qa8 41. a6 c5 42. a7 Rb6 43. Rd1 Kh7 44. Ra1 Rd6 45. Qb5 Rd8 46. Qxc5 Qf3 47.
Qe3 Qb7 48. Qa3 Ra8 49. Qa5 Qc6 50. Qa6 Qc7 51. Qa3 Qb7 52. Qc5 Kg7 53. Ra3 Kh7
54. Kh2 Kg7 55. Qd4+ Kh7 56. Ra4 Kg8 57. Qa1 Kh7 58. Ra2 Qb6 59. Kg1 Qb7 60. Ra3
Qb6 61. Ra6 Qb7 62. Ra4 Qb6 63. Ra3 Qb7 64. Qd4 Qb1+ 65. Kh2 Qb7 66. Ra1 Kg8 67.
Qc5 Kh7 68. Qd4 Kg8 69. Ra5 Kh7 70. Qc5 Kg8 71. Ra3 Kh7 72. Qd4 Kg8 73. Qa4 Kh7
74. Qa6 Qc7 75. Ra2 Kg7 76. Qd3 Kh7 77. Qd4 Kg8 78. Ra4 Kh7 79. Ra3 Qb7 80. Ra5
Kg8 81. Ra2 Kh7 82. f4 Kg8 83. Qa1 Kh7 84. Qd4 Qc7 85. Qa1 Qb7 86. Qd4 1/2-1/2

[Event "European Rapid 2015"]
[Site "Minsk BLR"]
[Date "2015.12.20"]
[Round "8.20"]
[White "Motylev, Alexander"]
[Black "Savitskiy, Sergey"]
[Result "1-0"]
[WhiteTitle "GM"]
[BlackTitle "FM"]
[WhiteElo "2653"]
[BlackElo "2365"]
[WhiteFideId "4121830"]
[BlackFideId "24105660"]
[EventDate "2015.12.19"]

1. e4 c5 2. Nc3 e6 3. Nf3 Nc6 4. d4 cxd4 5. Nxd4 Qb6 6. Nb3 Nf6 7. Qe2 Qc7 8. g4
h6 9. Bd2 a6 10. O-O-O b5 11. f4 d6 12. Bg2 Bb7 13. Rhe1 Nd7 14. Nd5 exd5 15.
exd5+ Ne7 16. Ba5 Qc8 17. Rd3 Nf6 18. h3 Qd7 19. Nc5 dxc5 20. d6 c4 21. Rdd1 Bd5
22. dxe7 Bxe7 23. Bxd5 Ra7 24. Bc6 1-0

[Event "European Rapid 2015"]
[Site "Minsk BLR"]
[Date "2015.12.20"]
[Round "8.22"]
[White "Sychev, Klementy"]
[Black "Stupak, Kirill"]
[Result "1-0"]
[WhiteTitle "IM"]
[BlackTitle "GM"]
[WhiteElo "2415"]
[BlackElo "2542"]
[WhiteFideId "4114060"]
[BlackFideId "13503758"]
[EventDate "2015.12.19"]

1. d4 g6 2. c4 Bg7 3. e4 d6 4. Nc3 e5 5. Nf3 exd4 6. Nxd4 Ne7 7. Be3 Nbc6 8. h4
h5 9. Qd2 O-O 10. O-O-O f5 11. Nxc6 Nxc6 12. Bh6 fxe4 13. Bxg7 Kxg7 14. Nxe4 Bf5
15. Nc3 Ne5 16. f3 Qf6 17. Nd5 Qf7 18. Qc3 Kh7 19. Be2 Rae8 20. Rhe1 Qg7 21. Bf1
Qh6+ 22. Qd2 Qxd2+ 23. Kxd2 c6 24. Nc3 Kg7 25. b3 Nf7 26. Ne2 a6 27. Nd4 Nh6 28.
b4 c5 29. bxc5 dxc5 30. Nb3 b6 31. Kc3 Nf7 32. Nc1 Ne5 33. Nd3 Nc6 34. Nf4 Nb4
35. a3 Nc2 36. Rxe8 Rxe8 37. Nd5 Nxa3 38. Nxb6 Rb8 39. Rd6 Kf7 40. Bd3 Ke7 41.
Rc6 Bxd3 42. Kxd3 Kf7 43. Ke4 Nc2 44. Nd5 Re8+ 45. Kf4 Nd4 46. Rxa6 Ne6+ 47. Kg3
Nd4 48. Ra7+ Kf8 49. Nf4 Nf5+ 50. Kf2 Rb8 51. Nxg6+ Ke8 52. Ra2 Rb4 53. Re2+ Kf7
54. Ne5+ Kg7 55. g3 Rb3 56. Nd7 Rc3 57. Nxc5 Nd4 58. Ne6+ Nxe6 59. Rxe6 Rxc4 60.
Re5 Kg6 61. Re6+ Kg7 62. Ke3 Ra4 63. Re4 Ra5 64. Kf4 Kf6 65. Rb4 Ra6 66. g4 hxg4
67. fxg4 Kg6 68. Rb3 Rc6 69. Kg3 Ra6 70. h5+ Kg5 71. Rb5+ Kh6 72. Kh4 Ra4 73.
Rb6+ Kg7 74. h6+ Kh7 75. Kh5 Ra5+ 76. g5 Rc5 77. Rb7+ Kg8 78. Rb6 Kh8 79. Kg6
Rc8 80. Rb5 Rc6+ 81. Kh5 Rc8 82. g6 Ra8 83. h7 1-0

[Event "European Rapid 2015"]
[Site "Minsk BLR"]
[Date "2015.12.20"]
[Round "8.23"]
[White "Tihonov, Jurij"]
[Black "Zvjaginsev, Vadim"]
[Result "0-1"]
[WhiteTitle "GM"]
[BlackTitle "GM"]
[WhiteElo "2408"]
[BlackElo "2662"]
[WhiteFideId "13500325"]
[BlackFideId "4113403"]
[EventDate "2015.12.19"]

1. d4 Nf6 2. c4 c5 3. d5 b5 4. cxb5 a6 5. b6 d6 6. Nc3 Nbd7 7. e4 Rb8 8. Nf3 g6
9. Be2 Bg7 10. O-O O-O 11. Qc2 Qxb6 12. Rb1 Ne8 13. Bd2 Ne5 14. Nxe5 Bxe5 15.
Na4 Qa7 16. b4 cxb4 17. Bxb4 Bd7 18. Ba5 Bxa4 19. Qxa4 Nf6 20. Bd2 Rxb1 21. Rxb1
Bd4 22. Qxa6 Bxf2+ 23. Kf1 Nxe4 24. Qxa7 Bxa7 25. Ke1 Ra8 26. Bc4 Bc5 27. Rb7
Nxd2 28. Kxd2 Ra4 29. Kc3 Kf8 30. Rb8+ Kg7 31. Rb7 Kf6 32. Bb3 Rg4 0-1

[Event "European Rapid 2015"]
[Site "Minsk BLR"]
[Date "2015.12.20"]
[Round "8.24"]
[White "Huzman, Alexander"]
[Black "Tyutyunnikov, Alexey"]
[Result "1-0"]
[WhiteTitle "GM"]
[WhiteElo "2581"]
[BlackElo "2295"]
[WhiteFideId "2803828"]
[BlackFideId "4137060"]
[EventDate "2015.12.19"]

1. d4 Nf6 2. c4 e6 3. Nf3 d5 4. Nc3 Be7 5. Bf4 O-O 6. e3 c5 7. dxc5 Bxc5 8. Qc2
Nc6 9. a3 Qa5 10. Nd2 Be7 11. Rd1 Bd7 12. Be2 Qb6 13. cxd5 exd5 14. O-O Rac8 15.
Qb3 Qxb3 16. Nxb3 Be6 17. Nb5 Ne4 18. N5d4 Nc5 19. Nxc5 Bxc5 20. Nxe6 fxe6 21.
Rc1 Be7 22. b4 a6 23. Rfd1 Rfd8 24. Kf1 Kf7 25. Rc2 Na7 26. Rdc1 Rxc2 27. Rxc2
Rc8 28. Rxc8 Nxc8 29. Bd3 h6 30. e4 Nb6 31. exd5 Nxd5 32. Bc1 Bf6 33. Ke2 Bd4
34. g3 Nc3+ 35. Ke1 Nd5 36. h4 Nf6 37. Ke2 Nd5 38. Bc4 Ke7 39. f3 Kd6 40. Kd3
Bf2 41. g4 Bxh4 42. f4 Bf6 43. Ke4 b5 44. Bb3 Nc3+ 45. Kf3 e5 46. fxe5+ Bxe5 47.
Be3 Kc6 48. Bc2 Kd6 49. Bb3 Nb1 50. Bc5+ Kc7 51. Ke4 Nd2+ 52. Kxe5 Nxb3 53. Bf8
g6 54. Bxh6 Nd2 55. Kf6 Nc4 56. Bc1 Kd7 57. Kxg6 Ke6 58. Bf4 Nxa3 59. Kh7 Nc2
60. g5 Nd4 61. g6 Nf5 62. Bc7 Kd7 63. Ba5 1-0

[Event "European Rapid 2015"]
[Site "Minsk BLR"]
[Date "2015.12.20"]
[Round "8.25"]
[White "Demidov, Mikhail"]
[Black "Maljush, Andrej"]
[Result "1-0"]
[WhiteTitle "IM"]
[WhiteElo "2485"]
[BlackElo "2285"]
[WhiteFideId "4197143"]
[BlackFideId "13500724"]
[EventDate "2015.12.19"]

1. Nf3 g6 2. e4 Bg7 3. d4 c6 4. c3 d5 5. Nbd2 Nh6 6. Bd3 O-O 7. O-O f6 8. h4 Nf7
9. h5 g5 10. Re1 Nd7 11. Nf1 dxe4 12. Bxe4 Nd6 13. Bc2 h6 14. Qe2 f5 15. Qxe7
Qxe7 16. Rxe7 Nf6 17. Bb3+ Kh7 18. Bd2 Nxh5 19. Rae1 Nf6 20. c4 a5 21. a3 Nde4
22. Be3 Re8 23. Rxe8 Nxe8 24. Ne5 Be6 25. f3 N4d6 26. Nd2 Nc7 27. Bf2 Re8 28.
Bc2 Kg8 29. a4 Nf7 30. Nd3 Na6 31. Nb3 Nb4 32. Nxb4 axb4 33. Nc5 Nd8 34. Bxf5
Bf7 35. Rxe8+ Bxe8 36. a5 Bf8 37. Nxb7 1-0

[Event "European Rapid 2015"]
[Site "Minsk BLR"]
[Date "2015.12.20"]
[Round "8.26"]
[White "Pershin, Denis"]
[Black "Fedorov, Alexei"]
[Result "0-1"]
[BlackTitle "GM"]
[WhiteElo "2375"]
[BlackElo "2563"]
[WhiteFideId "24165506"]
[BlackFideId "13500465"]
[EventDate "2015.12.19"]

1. e4 c5 2. Nf3 d6 3. d4 cxd4 4. Nxd4 Nf6 5. Nc3 g6 6. Bc4 Bg7 7. Be3 O-O 8. Bb3
Ng4 9. Qe2 Nxe3 10. Qxe3 Qb6 11. O-O-O Nc6 12. Nce2 a5 13. Kb1 Nxd4 14. Nxd4 a4
15. Bc4 a3 16. Bb3 Qc5 17. h4 h5 18. Rhe1 axb2 19. Nf3 Bg4 20. Rd5 Qxe3 21. Rxe3
Be6 22. Rb5 Ra7 23. Bxe6 fxe6 24. Rbb3 Rf4 25. c3 Rf8 26. Kxb2 Rfa8 27. a3 Bf6
28. e5 dxe5 29. Nxe5 Bxh4 30. g3 Bf6 31. Nxg6 Ra4 32. Nf4 h4 33. Nxe6 h3 34. g4
h2 35. Rh3 Kf7 36. Nc5 Rc4 37. Rxh2 Rxc5 38. f4 Rac8 39. Rh3 R8c7 40. Rf3 Kg6
41. Rb6 Kf7 42. Rb3 b5 43. Kc2 e6 44. Rh3 Kg6 45. Rf3 Kf7 46. Rh3 Bg7 47. Rf3
Ke7 48. f5 exf5 49. gxf5 Be5 50. Kd2 Kf6 51. Kc2 Kg5 52. Rf1 Rxc3+ 53. Rxc3
Rxc3+ 54. Kd2 Rxa3 55. Rb1 b4 56. Kc2 Bc3 57. Rf1 Kf6 58. Rf3 Ra5 0-1

[Event "European Rapid 2015"]
[Site "Minsk BLR"]
[Date "2015.12.20"]
[Round "8.27"]
[White "Naboka, Sergey"]
[Black "Tukhaev, Adam"]
[Result "0-1"]
[WhiteTitle "FM"]
[BlackTitle "GM"]
[WhiteElo "2266"]
[BlackElo "2564"]
[WhiteFideId "14123452"]
[BlackFideId "14109476"]
[EventDate "2015.12.19"]

1. e4 c5 2. Nf3 Nc6 3. Bb5 e6 4. Bxc6 bxc6 5. d3 Ne7 6. Qe2 f6 7. Nh4 d5 8. f4
g6 9. c4 Bg7 10. O-O O-O 11. Nc3 Rb8 12. Nf3 h6 13. Na4 e5 14. fxe5 fxe5 15. b3
g5 16. Ba3 Ng6 17. Bxc5 Rf7 18. Be3 g4 19. Nd2 Nf4 20. Bxf4 exf4 21. e5 dxc4 22.
dxc4 Qd4+ 23. Kh1 Qxe5 24. Qxe5 Bxe5 25. Rae1 Bc7 26. Re8+ Kg7 27. Nc5 Bf5 28.
Rfe1 Rxe8 29. Rxe8 Ba5 30. Nde4 f3 31. gxf3 gxf3 32. Kg1 Bb6 33. Kf1 f2 34. Ne6+
Kh7 35. Nf4 Bg4 36. h3 Bf3 37. c5 Rxf4 38. Re7+ Kh8 39. Re8+ Kg7 40. Re7+ Kf8
41. cxb6 Bg2+ 0-1

[Event "European Rapid 2015"]
[Site "Minsk BLR"]
[Date "2015.12.20"]
[Round "8.29"]
[White "Milov, Vadim"]
[Black "Shtembuliak, Evgeny"]
[Result "1-0"]
[WhiteTitle "GM"]
[BlackTitle "FM"]
[WhiteElo "2615"]
[BlackElo "2420"]
[WhiteFideId "1304364"]
[BlackFideId "14113325"]
[EventDate "2015.12.19"]

1. d4 Nf6 2. c4 d6 3. Nc3 Bf5 4. g3 e5 5. Bg2 Nc6 6. Nf3 Be7 7. O-O O-O 8. d5
Nb8 9. Nd2 a5 10. e4 Bd7 11. f4 Na6 12. Nf3 Bg4 13. h3 Bxf3 14. Qxf3 c6 15. Kh2
Nc5 16. Be3 Nfd7 17. Rad1 Qb8 18. h4 a4 19. Bh3 Nb6 20. Qe2 exf4 21. gxf4 Nbd7
22. Rg1 Bf6 23. Bxd7 Nxd7 24. Qg4 Rd8 25. e5 dxe5 26. Ne4 g6 27. dxc6 exf4 28.
Bxf4 Be5 29. cxd7 Bxf4+ 30. Kh1 Qe5 31. Qf3 f5 32. Nc3 Bh6 33. h5 Kf7 34. Rge1
Qf6 35. Qd5+ Kg7 36. Qe5 Bg5 37. Rd6 Qxe5 38. Rxe5 Bf4 39. Re7+ Kf8 40. Rde6
gxh5 41. Nd5 Bg5 42. Rxh7 Ra6 43. Rxa6 bxa6 44. c5 Kg8 45. Rxh5 Rxd7 46. Rxg5+
Kf7 47. Nb6 Rd1+ 48. Rg1 Rd2 49. Rg2 Rd1+ 50. Kh2 Rc1 51. Nxa4 1-0

[Event "European Rapid 2015"]
[Site "Minsk BLR"]
[Date "2015.12.20"]
[Round "8.30"]
[White "Azarov, Sergei"]
[Black "Chizhikov, Vladislav"]
[Result "1-0"]
[WhiteTitle "GM"]
[WhiteElo "2595"]
[BlackElo "2229"]
[WhiteFideId "13501470"]
[BlackFideId "4178157"]
[EventDate "2015.12.19"]

1. e4 e6 2. d4 d5 3. Nd2 dxe4 4. Nxe4 Nd7 5. Nf3 Ngf6 6. Nxf6+ Nxf6 7. Bd3 c5 8.
O-O cxd4 9. Nxd4 Be7 10. c3 O-O 11. Bf4 Bd7 12. Re1 Qb6 13. Qe2 Nd5 14. Bg3 Bf6
15. Nf3 Rfd8 16. Ne5 Be8 17. Rad1 g6 18. Be4 Ne7 19. Nc4 Qa6 20. Qf3 Nf5 21.
Bxb7 Qxc4 22. Bxa8 Qxa2 23. Rxd8 Bxd8 24. Bc6 Bxc6 25. Qxc6 Bf6 26. Qb5 Kg7 27.
Be5 a6 28. Bxf6+ Kxf6 29. Qe5+ Ke7 30. Qc5+ Kf6 31. g4 Qa4 32. Qe5+ 1-0

[Event "European Rapid 2015"]
[Site "Minsk BLR"]
[Date "2015.12.20"]
[Round "8.31"]
[White "Filipets, Egor"]
[Black "Goganov, Aleksey"]
[Result "1/2-1/2"]
[BlackTitle "GM"]
[WhiteElo "2247"]
[BlackElo "2597"]
[WhiteFideId "13503928"]
[BlackFideId "24109959"]
[EventDate "2015.12.19"]

1. c4 g6 2. g3 c5 3. Bg2 Bg7 4. Nc3 Nc6 5. Nf3 e5 6. d3 Nge7 7. O-O O-O 8. a3 d6
9. Rb1 a5 10. Ne1 Be6 11. Nd5 Rb8 12. Nc2 b5 13. b4 bxc4 14. dxc4 axb4 15. axb4
cxb4 16. Bd2 b3 17. Na3 Qd7 18. Bc3 Nf5 19. e3 h5 20. Rxb3 Rxb3 21. Qxb3 Rb8 22.
Nb5 Nfe7 23. Nxe7+ Nxe7 24. Rd1 Qc8 25. Bf1 d5 26. cxd5 Nxd5 27. Rxd5 Bxd5 28.
Qxd5 Rxb5 29. Qxb5 Qxc3 30. Bc4 Qa1+ 31. Kg2 Qa8+ 32. Bd5 Qf8 33. Qd7 Bf6 34. h4
Kg7 35. e4 1/2-1/2

[Event "European Rapid 2015"]
[Site "Minsk BLR"]
[Date "2015.12.20"]
[Round "8.32"]
[White "Belous, Vladimir"]
[Black "Khoroshilov, Nikita"]
[Result "1-0"]
[WhiteTitle "GM"]
[WhiteElo "2557"]
[BlackElo "2294"]
[WhiteFideId "4174003"]
[BlackFideId "24145122"]
[EventDate "2015.12.19"]

1. c4 g6 2. Nf3 Nf6 3. Nc3 Bg7 4. e4 d6 5. d4 O-O 6. h3 Na6 7. Bg5 Qe8 8. Be2 e5
9. d5 Nh5 10. g3 f5 11. exf5 gxf5 12. Nh4 Nf6 13. Qc2 f4 14. a3 fxg3 15. fxg3 e4
16. O-O-O Bd7 17. g4 Qe5 18. Nf5 Bxf5 19. gxf5 Qxf5 20. Rhg1 Kh8 21. Rdf1 Qe5
22. Kb1 Rae8 23. Nb5 Nd7 24. Be3 Rxf1+ 25. Bxf1 Qf5 26. Nd4 Bxd4 27. Bxd4+ Ne5
28. Ka2 Rg8 29. Bg2 Nc5 30. Re1 Nd3 31. Rxe4 Nc1+ 32. Qxc1 Rxg2 33. Qe3 Rg5 34.
h4 Rh5 35. Rf4 Qg6 36. Rf8+ Kg7 37. Rc8 Qf7 38. Qg3+ Kf6 39. Be3 Qg6 1-0

[Event "European Rapid 2015"]
[Site "Minsk BLR"]
[Date "2015.12.20"]
[Round "8.33"]
[White "Kochetkova, Julia"]
[Black "Romanov, Evgeny"]
[Result "1-0"]
[WhiteTitle "WGM"]
[BlackTitle "GM"]
[WhiteElo "2320"]
[BlackElo "2590"]
[WhiteFideId "4139690"]
[BlackFideId "4148843"]
[EventDate "2015.12.19"]

1. e4 e5 2. Nf3 Nc6 3. Bc4 Bc5 4. d3 Nf6 5. O-O d6 6. c3 Bb6 7. Nbd2 Ne7 8. Bb3
c6 9. Nc4 Bc7 10. Bg5 Ng6 11. d4 h6 12. dxe5 hxg5 13. exd6 b5 14. dxc7 Qxd1 15.
Raxd1 bxc4 16. Bxc4 Bg4 17. Rd8+ Rxd8 18. cxd8=Q+ Kxd8 19. Nxg5 Ke7 20. Bxf7 Ne5
21. Bb3 Rd8 22. h3 Be2 23. Re1 Rd2 24. Rb1 Nd3 25. Ba4 c5 26. b4 c4 27. Bb5 Nb2
28. a4 Rc2 29. a5 Bd3 30. Bc6 Rd2 31. Re1 Nd1 32. Nf3 Rc2 33. Rxd1 Rxc3 34. e5
Ne8 35. b5 Ra3 36. Ne1 Bf5 37. b6 axb6 38. axb6 Rb3 39. b7 Nc7 40. Rc1 Be6 41.
Nf3 Rb6 42. Nd4 Bg8 43. Be4 Kd7 44. e6+ Nxe6 45. Bf5 Rxb7 1-0

[Event "European Rapid 2015"]
[Site "Minsk BLR"]
[Date "2015.12.20"]
[Round "8.34"]
[White "Martynov, Roman"]
[Black "Bortnyk, Mykola"]
[Result "0-1"]
[BlackTitle "IM"]
[WhiteElo "2284"]
[BlackElo "2416"]
[WhiteFideId "14132044"]
[BlackFideId "14120836"]
[EventDate "2015.12.19"]

1. d4 Nf6 2. c4 d6 3. Nf3 Nbd7 4. g3 e5 5. Nc3 Be7 6. Bg2 O-O 7. O-O c6 8. e4
Re8 9. h3 Qc7 10. Be3 Nf8 11. Rc1 h6 12. b4 exd4 13. Nxd4 Ng6 14. f4 Bf8 15. Qf3
a5 16. a3 Bd7 17. Qf2 axb4 18. axb4 Ra3 19. Qb2 Rxc3 20. Qxc3 Nxe4 21. Bxe4 Rxe4
22. Kh2 h5 23. Rce1 c5 24. bxc5 dxc5 25. Nf3 h4 26. Nxh4 Nxh4 27. gxh4 Bd6 28.
Qd2 Bf5 29. Rd1 Re6 30. Rf2 Qe7 31. Re1 Qxh4 32. Rf3 Rh6 33. Qf2 Qh5 34. Rg1
Bxh3 35. Rgg3 Bg4+ 0-1

[Event "European Rapid 2015"]
[Site "Minsk BLR"]
[Date "2015.12.20"]
[Round "8.35"]
[White "Dydyshko, Viacheslav"]
[Black "Smirnov, Valerij"]
[Result "1/2-1/2"]
[WhiteTitle "GM"]
[BlackTitle "IM"]
[WhiteElo "2506"]
[BlackElo "2298"]
[WhiteFideId "13500031"]
[BlackFideId "13500350"]
[EventDate "2015.12.19"]

1. d4 Nf6 2. c4 e6 3. Nc3 Bb4 4. e3 c5 5. Bd3 Nc6 6. Nf3 Bxc3+ 7. bxc3 d6 8. e4
e5 9. d5 Ne7 10. h3 h6 11. Be3 g5 12. h4 g4 13. Ng1 Kf8 14. h5 Kg7 15. Ne2 Nh7
16. Qd2 Ng8 17. Ng3 Ng5 18. O-O f6 19. Rab1 Rh7 20. Rb2 Kh8 21. Rfb1 Rb8 22. Qd1
Rg7 23. Qa4 b6 24. Qd1 Ne7 25. Kh1 Bd7 26. Qc2 Qe8 27. Kh2 Ba4 28. Qe2 Bd7 29.
Qd1 Qf7 30. Qc2 Qe8 31. Rh1 Ba4 32. Qb1 Bd7 33. Bc2 Qf7 34. a4 Rf8 35. a5 Nc8
36. axb6 Nxb6 37. Bd3 Bc8 38. Ra2 Qe8 39. Qc2 Rff7 40. Rha1 Re7 41. Ra5 Qd8 42.
Qd1 Qe8 43. Be2 Qg8 44. Qb1 Qe8 45. R1a2 Qf7 46. Bd3 Qf8 47. R5a3 Qe8 48. Qa1
Qf7 49. Ra5 Rc7 50. Qb1 Qe8 51. Be2 Qf7 52. Rb2 Qe8 53. Qd1 Qg8 54. Rba2 Qf8 55.
Rb5 Bd7 56. Rba5 Bc8 57. Qb1 Qe7 58. Bd3 Qf8 59. Qa1 Qe7 60. Be2 Nxe4 61. Nxe4
f5 62. Nxd6 f4 63. g3 Qxd6 64. Bd2 a6 65. Be1 e4 66. Qc1 Rcf7 67. Rxa6 Bxa6 68.
Rxa6 e3 69. fxe3 f3 70. Qb1 Qe5 71. Qxb6 Qxh5+ 72. Kg1 fxe2 73. Qxh6+ Qxh6 74.
Rxh6+ Rh7 75. Rxh7+ Kxh7 76. Bf2 Rb7 77. Be1 Rf7 78. Bf2 Kg6 79. e4 Rf3 80. e5
Re3 81. Be1 Rxe5 82. Kf2 Re4 83. Bd2 Kf5 84. Ke1 Kf6 85. Bc1 Ke7 86. Bg5+ Kd7
87. Bd2 Kd8 88. Bg5+ Kc8 89. Bd2 Kd7 90. Kf2 Kc7 91. Ke1 Kb6 92. Kf2 Ka5 93. Ke1
Re8 94. Bg5 Kb6 95. d6 Kc6 96. Be7 1/2-1/2

[Event "European Rapid 2015"]
[Site "Minsk BLR"]
[Date "2015.12.20"]
[Round "8.36"]
[White "Belyakov, Bogdan"]
[Black "Bordovsky, Vladimir"]
[Result "1-0"]
[WhiteTitle "IM"]
[WhiteElo "2511"]
[BlackElo "2380"]
[WhiteFideId "24104795"]
[BlackFideId "14118467"]
[EventDate "2015.12.19"]

1. e4 c5 2. Nf3 e6 3. c3 Nc6 4. d4 d5 5. exd5 exd5 6. Bb5 a6 7. Bxc6+ bxc6 8.
O-O Bd6 9. dxc5 Bxc5 10. Nbd2 Ne7 11. Nb3 Bd6 12. Be3 O-O 13. h3 Bf5 14. Bc5 Re8
15. Re1 Be4 16. Nfd4 a5 17. a4 Qd7 18. Qg4 f5 19. Qe2 Bb8 20. f3 Qc7 21. fxe4
Qh2+ 22. Kf1 fxe4 23. Qg4 Rf8+ 24. Ke2 Bg3 25. Rg1 Rf2+ 26. Ke3 Rxg2 27. Rxg2
Qxg2 28. Ne2 Rf8 29. Nbd4 Qf2+ 30. Kd2 Bf4+ 31. Kc2 Qe3 32. Rd1 h5 33. Qe6+ Rf7
34. Bxe7 c5 35. Bxc5 Qf2 36. Qxd5 Be3 37. Qxe4 Rf4 38. Qe8+ Kh7 39. Qxh5+ Kg8
40. Qe8+ Kh7 41. Rd3 1-0

[Event "European Rapid 2015"]
[Site "Minsk BLR"]
[Date "2015.12.20"]
[Round "8.37"]
[White "Loginov, Valery A"]
[Black "Sysolyatin, Evgeny"]
[Result "0-1"]
[WhiteTitle "GM"]
[BlackTitle "FM"]
[WhiteElo "2486"]
[BlackElo "2289"]
[WhiteFideId "4126297"]
[BlackFideId "4154916"]
[EventDate "2015.12.19"]

1. e4 e5 2. Nf3 Nc6 3. Bb5 a6 4. Ba4 Nf6 5. O-O Be7 6. Re1 b5 7. Bb3 O-O 8. a4
b4 9. d4 d6 10. dxe5 dxe5 11. Nbd2 Bc5 12. Qe2 Qe7 13. a5 Bg4 14. Qf1 Be6 15. h3
Nh5 16. Bd5 Bd7 17. Nb3 Ba7 18. Bg5 Qd6 19. Rad1 Qg6 20. Bxc6 Bxc6 21. Nxe5 Qe6
22. Nxc6 Qxc6 23. Qe2 h6 24. Qxh5 hxg5 25. Re2 Qb5 26. Rd5 Qc4 27. Rxg5 Rfe8 28.
Qg4 g6 29. e5 Qxg4 30. Rxg4 Rad8 31. Rxb4 Rd1+ 32. Kh2 Rd5 33. f4 g5 34. Rb7 Bb8
35. g3 c5 36. c4 Rd1 37. Nxc5 gxf4 38. gxf4 Rd4 39. Nd7 0-1

[Event "European Rapid 2015"]
[Site "Minsk BLR"]
[Date "2015.12.20"]
[Round "8.38"]
[White "Kononenko, Dmitry2"]
[Black "Grishchenko, Sergey1"]
[Result "0-1"]
[WhiteTitle "FM"]
[BlackTitle "IM"]
[WhiteElo "2206"]
[BlackElo "2442"]
[WhiteFideId "14113538"]
[BlackFideId "4136730"]
[EventDate "2015.12.19"]

1. e4 c6 2. d4 d5 3. exd5 cxd5 4. c4 Nf6 5. Nc3 g6 6. cxd5 Bg7 7. Bc4 O-O 8.
Nge2 Nbd7 9. Nf4 Nb6 10. Bb3 Bg4 11. f3 Bf5 12. g4 Bc8 13. O-O g5 14. Ng2 h6 15.
Ne3 a5 16. a4 e6 17. dxe6 Bxe6 18. d5 Bd7 19. Qd3 Qe7 20. Bd2 Rfe8 21. Rfe1 Qd8
22. Rad1 Nc8 23. Nc4 Nd6 24. Rxe8+ Nfxe8 25. Be3 Nxc4 26. Bxc4 Nd6 27. Bb3 f5
28. Bc2 Rc8 29. h3 Nc4 30. d6 Nxb2 31. Qd5+ Kh8 32. Rb1 Rxc3 33. Bd4 Rxc2 34.
Bxg7+ Kxg7 35. Qxb7 Qc8 36. Rxb2 Qc5+ 37. Kh1 Rc1+ 38. Kh2 Qg1# 0-1